000
00327 a2200109 4500
001
ART_41869
005
20260410162024.0
008
260409a
245
1
0
_a
El análisis económico del derecho
100
1
_a
Shavell, Steven
773
0
_t
Jurisprudencia Argentina
_g
Derecho y economía (mayo 2006)
_w
REV41622
999
_c
33347
_d
33347